[Event "36th Reykjavik op"]
[Site "Reykjavik ISL"]
[Date "2023.04.01"]
[Round "5.63"]
[White "Pourkashiyan, Atousa"]
[Black "Mehlhorn, David"]
[WhiteElo "2313"]
[BlackElo "2004"]
[Result "1/2-1/2"]
[EventDate "2023.03.29"]
[PlyCount "99"]

1. e4 e5 2. Nf3 Nc6 3. Bb5 Nge7 4. O-O Ng6 5. d4 exd4 6. Nxd4 Bc5 7. Nb3 Bb6 8. c4
d6 9. Nc3 O-O 10. Bxc6 bxc6 11. Nd4 Ne5 12. Bf4 Bxd4 13. Qxd4 c5 14. Qd1 Nxc4 15.
b3 Nb6 16. Rc1 Qf6 17. Bg3 Ba6 18. Re1 Rfe8 19. e5 Qg6 20. exd6 Rxe1+ 21. Qxe1 cxd6
22. Rd1 Bd3 23. Qe3 c4 24. bxc4 Bxc4 25. Rxd6 Be6 26. h3 h6 27. Qd4 Rc8 28. Rd8+
Rxd8 29. Qxd8+ Kh7 30. Qc7 Qc2 31. Be5 Na4 32. Nxa4 Qxa4 33. Qc3 Qc4 34. Qxc4 Bxc4
35. a3 a5 36. f4 a4 37. Kf2 h5 38. g3 Be6 39. h4 g6 40. Bf6 Bd5 41. Ke3 Bb3 42. Kd4
Be6 43. Ke5 Kg8 44. Kd6 Bf5 45. Ke7 Be6 46. Be5 Bf5 47. Bf6 Be6 48. Be5 Bf5 49. Bf6
Be6 50. Be5  1/2-1/2

[Event "36th Reykjavik op"]
[Site "Reykjavik ISL"]
[Date "2023.04.01"]
[Round "5.64"]
[White "Rakhmangulova, Anastasiya"]
[Black "Langlois-Remillard, Alexis"]
[WhiteElo "2266"]
[BlackElo "2001"]
[Result "1-0"]
[EventDate "2023.03.29"]
[PlyCount "81"]

1. e4 e6 2. d4 d5 3. Nc3 Bb4 4. e5 c5 5. a3 Bxc3+ 6. bxc3 Qa5 7. Bd2 Qa4 8. Qg4 Kf8
9. Bd3 Nc6 10. Nf3 Nge7 11. O-O c4 12. Be2 Qxc2 13. Rfc1 Qg6 14. Qh3 f6 15. Nh4 Qf7
16. f4 b6 17. exf6 Qxf6 18. Rf1 Nf5 19. Nf3 Ke8 20. g4 Nd6 21. Ne5 Ne7 22. Be1 Qh6
23. Qf3 g6 24. Nxc4 Nxc4 25. Bxc4 Bd7 26. Bd2 Qg7 27. Rae1 Rc8 28. Ba6 Rc7 29. f5
gxf5 30. Bf4 fxg4 31. Qd3 Rc6 32. Be5 Qg8 33. Bb5 Rc8 34. Bxh8 Qxh8 35. Rxe6 a6 36.
Bxd7+ Kxd7 37. Qe2 Qg7 38. Re1 Nf5 39. Qxa6 Rxc3 40. Qb7+ Rc7 41. Qxd5+  1-0

[Event "36th Reykjavik op"]
[Site "Reykjavik ISL"]
[Date "2023.04.01"]
[Round "5.65"]
[White "Hari, Charan Sai Kalluri"]
[Black "Cederstam, Carl"]
[WhiteElo "2066"]
[BlackElo "2255"]
[Result "1/2-1/2"]
[EventDate "2023.03.29"]
[PlyCount "64"]

1. d4 d5 2. c4 c6 3. Nf3 Nf6 4. Nc3 e6 5. e3 a6 6. b3 Bb4 7. Bd2 O-O 8. Bd3 Nbd7
9. O-O Bd6 10. Qc2 Re8 11. e4 dxc4 12. bxc4 e5 13. dxe5 Nxe5 14. Nxe5 Rxe5 15. Ne2
Rh5 16. Bf4 Ng4 17. h3 Ne5 18. Bg3 Qf6 19. Rab1 Bxh3 20. gxh3 Qe6 21. Nf4 Nf3+ 22.
Kg2 Nh4+ 23. Bxh4 Bxf4 24. Bg3 Qxh3+ 25. Kf3 Bxg3 26. fxg3 Rh6 27. Rbe1 Rd8 28. e5
Qh5+ 29. Kg2 Qh2+ 30. Kf3 Qh5+ 31. Kg2 Qh2+ 32. Kf3 Qh5+  1/2-1/2

[Event "36th Reykjavik op"]
[Site "Reykjavik ISL"]
[Date "2023.04.01"]
[Round "5.66"]
[White "Hommer, Jeremy"]
[Black "George Samir, David"]
[WhiteElo "2251"]
[BlackElo "1993"]
[Result "1-0"]
[EventDate "2023.03.29"]
[PlyCount "81"]

1. e4 c5 2. Nf3 d6 3. Bb5+ Bd7 4. Bxd7+ Qxd7 5. c4 Nf6 6. Nc3 Nc6 7. d4 cxd4 8. Nxd4
g6 9. f3 Bg7 10. Be3 O-O 11. Qd3 Ne5 12. Qc2 Rfc8 13. b3 e6 14. O-O Qe7 15. Rac1
Rd8 16. Rfd1 Rac8 17. h3 b6 18. Qf2 Nfd7 19. Rc2 Nc5 20. Rcd2 f5 21. exf5 gxf5 22.
Nce2 Ng6 23. Nb5 Be5 24. b4 Nb7 25. Nxa7 Rxc4 26. Rb1 Rf8 27. Bxb6 d5 28. Nc6 Qg7
29. Nxe5 Nxe5 30. Bd4 f4 31. Re1 Qg5 32. Bxe5 Qxe5 33. Nd4 Qh5 34. Nxe6 Rf7 35. Qa7
h6 36. Qb8+ Kh7 37. Nf8+ Kg7 38. Ne6+ Kh7 39. Qe8 Nd6 40. Qd8 Nf5 41. Qxd5  1-0

[Event "36th Reykjavik op"]
[Site "Reykjavik ISL"]
[Date "2023.04.01"]
[Round "5.67"]
[White "Kienitz, Andre"]
[Black "Large, Peter G"]
[WhiteElo "2039"]
[BlackElo "2227"]
[Result "0-1"]
[EventDate "2023.03.29"]
[PlyCount "38"]

1. e4 c5 2. Nf3 g6 3. d4 cxd4 4. Qxd4 Nf6 5. Nc3 Nc6 6. Qa4 d6 7. e5 dxe5 8. Nxe5
Bg7 9. Bb5 O-O 10. Nxc6 bxc6 11. Bxc6 Rb8 12. O-O Qc7 13. h3 Bf5 14. Bf3 a5 15. a3
Rfc8 16. Re1 e5 17. Rb1 e4 18. Nxe4 Nxe4 19. Bxe4 Bd7  0-1

[Event "36th Reykjavik op"]
[Site "Reykjavik ISL"]
[Date "2023.04.01"]
[Round "5.68"]
[White "Ptacnikova, Lenka"]
[Black "Andrews, Todd"]
[WhiteElo "2040"]
[BlackElo "2217"]
[Result "0-1"]
[EventDate "2023.03.29"]
[PlyCount "38"]

1. e4 c5 2. Nc3 d6 3. f4 g6 4. Nf3 Bg7 5. Bb5+ Bd7 6. Bc4 Nc6 7. O-O Nd4 8. f5 gxf5
9. Ng5 e6 10. Qh5 Qe7 11. exf5 Nf6 12. Qh3 O-O-O 13. Bd3 h5 14. b3 Ng4 15. fxe6 Nxe6
16. Nge4 Ng5 17. Nxg5 Bd4+ 18. Kh1 Nf2+ 19. Rxf2 Bxh3  0-1

[Event "36th Reykjavik op"]
[Site "Reykjavik ISL"]
[Date "2023.04.01"]
[Round "5.69"]
[White "Rebers, Eugene"]
[Black "Johannsdottir, Johanna Bjoerg"]
[WhiteElo "2213"]
[BlackElo "1974"]
[Result "1/2-1/2"]
[EventDate "2023.03.29"]
[PlyCount "125"]

1. d4 Nf6 2. g3 g6 3. Bg2 Bg7 4. Nf3 O-O 5. O-O d5 6. b4 a5 7. b5 Ne4 8. Bb2 a4 9.
Na3 c6 10. bxc6 bxc6 11. Nd2 Nxd2 12. Qxd2 Ba6 13. c4 e6 14. Rfc1 Nd7 15. Bc3 Nf6
16. Qc2 Qe7 17. Rab1 Rfc8 18. Bb4 Qe8 19. e3 e5 20. dxe5 Qxe5 21. Bc3 Qe7 22. Qb2
Ra7 23. Qb6 Rca8 24. Bb4 Qe8 25. cxd5 Nxd5 26. Qxc6 Qxc6 27. Rxc6 Nxb4 28. Rxb4 Rd8
29. Rb1 Rd2 30. Rc2 Rd3 31. Nb5 Rad7 32. Bc6 Rd2 33. Rbc1 Rd8 34. Nc7 Rd1+ 35. Kg2
Bf1+ 36. Kf3 a3 37. Bd5 Rxc1 38. Rxc1 Be5 39. Rxf1 Bxc7 40. Bb3 Kg7 41. Rc1 Rd7 42.
Rc6 Be5 43. Ra6 Bb2 44. g4 h6 45. h3 Rc7 46. Ke2 Bc1 47. Rd6 Kf8 48. Kd3 Ke7 49.
Ra6 Kf8 50. Bd5 Kg7 51. Bc6 Kf6 52. Kd4 Kg5 53. Kd5 Re7 54. Bb5 Kh4 55. Bf1 h5 56.
Ra4 hxg4 57. Rxg4+ Kh5 58. Be2 Kh6 59. Rc4 Bb2 60. Rh4+ Kg7 61. Bb5 Re5+ 62. Kc4
Rf5 63. Rf4  1/2-1/2

[Event "36th Reykjavik op"]
[Site "Reykjavik ISL"]
[Date "2023.04.01"]
[Round "5.70"]
[White "Bartelt, Max Peter"]
[Black "Nielsen, Andre"]
[WhiteElo "2031"]
[BlackElo "2201"]
[Result "1-0"]
[EventDate "2023.03.29"]
[PlyCount "71"]

1. d4 Nf6 2. Bg5 Ne4 3. h4 c5 4. d5 Qb6 5. Nd2 h6 6. Nxe4 hxg5 7. Nxg5 Qxb2 8. Rb1
Qxa2 9. N1f3 Qa5+ 10. Nd2 g6 11. e3 Bh6 12. Nge4 d6 13. Rb5 Qc7 14. Nc4 Nd7 15. h5
a6 16. Qa1 f6 17. Ncd2 g5 18. Qa4 O-O 19. Rb3 b5 20. Qa1 Bb7 21. c4 Ne5 22. Qb1 Kh8
23. Ng3 Rg8 24. Nf5 Bf8 25. f4 Nf7 26. h6 gxf4 27. exf4 Bc8 28. h7 Rg4 29. Nh4 f5
30. Be2 Rg7 31. Qb2 Kxh7 32. Nxf5+ Kg8 33. Nxg7 Bxg7 34. Rg3 e5 35. dxe6 Nd8 36.
f5  1-0

[Event "36th Reykjavik op"]
[Site "Reykjavik ISL"]
[Date "2023.04.01"]
[Round "5.71"]
[White "Melzner, Lukas"]
[Black "Andriessen, Bart Jan"]
[WhiteElo "2199"]
[BlackElo "1966"]
[Result "1-0"]
[EventDate "2023.03.29"]
[PlyCount "85"]

1. c4 Nf6 2. g3 d5 3. cxd5 Nxd5 4. Bg2 e5 5. Nc3 Nb6 6. Nf3 Nc6 7. O-O Be7 8. a3
Be6 9. b4 f6 10. d3 O-O 11. Bb2 a6 12. Rc1 Nd4 13. Nd2 c6 14. Nce4 Nd7 15. e3 Nb5
16. Nb3 Rb8 17. d4 exd4 18. Nxd4 Nxd4 19. Qxd4 Qb6 20. Qc3 Rfd8 21. Ng5 c5 22. Nxe6
Qxe6 23. Rfd1 Kh8 24. Rd5 cxb4 25. axb4 Rdc8 26. Qxc8+ Rxc8 27. Rxc8+ Nf8 28. Rb8
h6 29. Rxb7 Ng6 30. Rdd7 Qb3 31. Be4 f5 32. Bxf5 Qxb2 33. Bxg6 Qc1+ 34. Kg2 Qc6+
35. e4 Qxg6 36. Rxe7 h5 37. h4 Qc6 38. Rbd7 Qc4 39. Rb7 Qc6 40. Rbc7 Qg6 41. Kg1
Qg4 42. Rxg7 Qxe4 43. Rge7  1-0

[Event "36th Reykjavik op"]
[Site "Reykjavik ISL"]
[Date "2023.04.01"]
[Round "5.72"]
[White "Petursson, Gudni"]
[Black "Mannion, Stephen"]
[WhiteElo "2020"]
[BlackElo "2190"]
[Result "0-1"]
[EventDate "2023.03.29"]
[PlyCount "70"]

1. d4 d5 2. Nc3 Nf6 3. Bf4 c5 4. e3 cxd4 5. exd4 a6 6. Nf3 Nc6 7. Be2 Bg4 8. O-O
e6 9. Ne5 Bxe2 10. Nxe2 Rc8 11. c3 Be7 12. Ng3 O-O 13. Qe2 Nxe5 14. Bxe5 Qd7 15.
f4 g6 16. Bxf6 Bxf6 17. Qg4 Bg7 18. Qe2 b5 19. Rf3 a5 20. Nf1 b4 21. Nd2 bxc3 22.
bxc3 Rxc3 23. Rxc3 Bxd4+ 24. Kh1 Bxc3 25. Rc1 Bxd2 26. Qxd2 Rc8 27. Rxc8+ Qxc8 28.
h4 a4 29. Qb4 Qc4 30. Qb8+ Kg7 31. Qe5+ Kf8 32. h5 gxh5 33. Qxh5 Qf1+ 34. Kh2 Qxf4+
35. Kg1 h6  0-1

[Event "36th Reykjavik op"]
[Site "Reykjavik ISL"]
[Date "2023.04.01"]
[Round "5.73"]
[White "Mensing, Adrian"]
[Black "Bruchmann, Stephan"]
[WhiteElo "2005"]
[BlackElo "2185"]
[Result "0-1"]
[EventDate "2023.03.29"]
[PlyCount "58"]

1. d4 d5 2. c4 c6 3. Nf3 Nf6 4. g3 dxc4 5. Bg2 g6 6. O-O Bg7 7. Ne5 Ng4 8. Nf3 Nf6
9. Qc2 b5 10. a4 Bb7 11. e4 O-O 12. Nbd2 Na6 13. b3 Nb4 14. Qc3 c5 15. axb5 Nxe4
16. Nxe4 Bxe4 17. bxc4 Nc2 18. Ra2 Nxd4 19. Qe3 f5 20. Bb2 e5 21. Ba3 Qc7 22. Nxd4
exd4 23. Qd2 Rae8 24. Rfa1 Bxg2 25. Kxg2 f4 26. Bb2 f3+ 27. Kg1 Re2 28. Qd1 Rfe8
29. Qf1 Qe5  0-1

[Event "36th Reykjavik op"]
[Site "Reykjavik ISL"]
[Date "2023.04.01"]
[Round "5.74"]
[White "Striskova, Lucia"]
[Black "Sivakumar, Ashvin"]
[WhiteElo "2002"]
[BlackElo "2181"]
[Result "0-1"]
[EventDate "2023.03.29"]
[PlyCount "86"]

1. e4 e5 2. Nf3 Nc6 3. d4 exd4 4. Nxd4 Nf6 5. Nc3 Bb4 6. Nxc6 bxc6 7. Bd3 O-O 8.
O-O Re8 9. Qf3 Bd6 10. Bf4 Bxf4 11. Qxf4 d6 12. Rae1 Qe7 13. h3 Rb8 14. b3 Bb7 15.
Re2 Nh5 16. Qd2 Qe5 17. f4 Qa5 18. Kh2 Nf6 19. Rfe1 Qh5 20. Kg1 Re7 21. e5 Ne8 22.
Qe3 c5 23. Qf2 Qh6 24. exd6 Rxe2 25. Qxe2 Nxd6 26. Qe5 g6 27. Qxc5 Qxf4 28. Qxa7
Rd8 29. Qf2 Qb4 30. Nb1 Nb5 31. a4 Nd4 32. Bc4 Nf5 33. Bd3 Rd5 34. Nd2 Ba6 35. Ne4
Ra5 36. Nf6+ Kh8 37. Bxa6 Rxa6 38. Nd5 Qa5 39. c4 Re6 40. Qb2+ Kg8 41. Rxe6 fxe6
42. Nf6+ Kf7 43. Ne4 Qe1+  0-1

[Event "36th Reykjavik op"]
[Site "Reykjavik ISL"]
[Date "2023.04.01"]
[Round "5.75"]
[White "Terhuven, Patrick"]
[Black "Nilsson, Oliver"]
[WhiteElo "2180"]
[BlackElo "1955"]
[Result "0-1"]
[EventDate "2023.03.29"]
[PlyCount "72"]

1. Nf3 c5 2. c4 Nc6 3. d4 cxd4 4. Nxd4 Nf6 5. Nc3 e6 6. e4 Bb4 7. Nc2 Bxc3+ 8. bxc3
Nxe4 9. Qg4 Nf6 10. Qxg7 Rg8 11. Qh6 Ne5 12. Bf4 Neg4 13. Qh4 e5 14. Be3 d6 15. Be2
Bf5 16. Nb4 Nxe3 17. fxe3 Ne4 18. Qxd8+ Kxd8 19. Bf3 Rc8 20. g4 Bg6 21. Rd1 Rxc4
22. O-O Nxc3 23. Rc1 e4 24. Bd1 Nxd1 25. Rxc4 Nxe3 26. Rd4 Nxf1 27. Kxf1 Kd7 28.
h4 h5 29. g5 Ke6 30. Rc4 Rd8 31. Ke2 Rd7 32. Ke3 d5 33. Rd4 a5 34. Nc2 Rc7 35. Rd2
Rc3+ 36. Ke2 Rd3  0-1

[Event "36th Reykjavik op"]
[Site "Reykjavik ISL"]
[Date "2023.04.01"]
[Round "5.76"]
[White "Kukavica, Tony"]
[Black "Mohota, Nisha"]
[WhiteElo "1981"]
[BlackElo "2177"]
[Result "0-1"]
[EventDate "2023.03.29"]
[PlyCount "116"]

1. d4 Nf6 2. c4 e6 3. Bf4 Bb4+ 4. Nd2 O-O 5. e3 Ne4 6. Ngf3 g5 7. Bg3 h5 8. h3 h4
9. Bh2 Qf6 10. Qe2 Qf5 11. a3 Bxd2+ 12. Nxd2 d6 13. f3 Nxd2 14. Qxd2 Nc6 15. Bd3
Qf6 16. O-O-O e5 17. d5 Ne7 18. f4 Qg7 19. g3 hxg3 20. Bxg3 Bf5 21. fxg5 Bxd3 22.
Qxd3 Qxg5 23. Rhg1 Kh8 24. Rdf1 Qh5 25. e4 Rg8 26. Qf3 Qh6+ 27. Kb1 Rg7 (27... Kh7)
28. Bf2 Rag8 29. Be3 Qh7 30. Rg4 f5 31. exf5 Rf8 32. Qe4 Rxf5 33. Rxf5 Nxf5 34. Rxg7
Kxg7 35. Bxa7 Qxh3 36. Bb8 Nd4 37. Bxc7 Qf1+ 38. Ka2 Qxc4+ 39. Kb1 Qxc7 40. Qg4+
Kf8 41. Qg6 b5 42. Qf6+ Kg8 43. Qg6+ Kh8 44. Qf6+ Kh7 45. Qh4+ Kg6 46. Qg4+ Kf6 47.
Qh4+ Kf5 48. Qh3+ Ke4 49. Qg2+ Nf3 50. Qe2+ Kf4 51. Qxb5 Nd2+ 52. Ka2 Qc4+ 53. Qxc4+
Nxc4 54. b3 e4 55. bxc4 e3 56. c5 e2 57. cxd6 e1=Q 58. Kb3 Qa5  0-1

[Event "36th Reykjavik op"]
[Site "Reykjavik ISL"]
[Date "2023.04.01"]
[Round "5.77"]
[White "Ruiz Buendia, Miguel"]
[Black "Kristinsson, Ogmundur"]
[WhiteElo "2172"]
[BlackElo "1937"]
[Result "1-0"]
[EventDate "2023.03.29"]
[PlyCount "77"]

1. e4 e5 2. Nf3 Nc6 3. Bb5 a6 4. Ba4 Nf6 5. O-O b5 6. Bb3 Be7 7. d4 d6 8. c3 O-O
9. Nbd2 exd4 10. cxd4 Bg4 11. h3 Bh5 12. g4 Bg6 13. Re1 d5 14. exd5 Nxd5 15. Ne4
Kh8 16. Ne5 Nxe5 17. dxe5 c6 18. Bd2 Qc7 19. Rc1 Rad8 20. Qf3 Nb4 21. Nd6 Nd3 22.
Rxc6 Nxe1 23. Bxe1 Qa7 24. Ba5 Bxd6 25. Bxd8 Bxe5 26. Bb6 Qd7 27. Bd5 Bxb2 28. Bc5
Rc8 29. Rxc8+ Qxc8 30. Bxf7 Bxf7 31. Qxf7 h6 32. Qh5 Qe6 33. Be3 Qxa2 34. g5 Qb1+
35. Kg2 Qe4+ 36. Kg1 Bc1 37. Bxc1 Qe1+ 38. Kg2 Qxc1 39. Qe8+  1-0

[Event "36th Reykjavik op"]
[Site "Reykjavik ISL"]
[Date "2023.04.01"]
[Round "5.78"]
[White "Kolka, David"]
[Black "Johannsson, Birkir Isak"]
[WhiteElo "1940"]
[BlackElo "2171"]
[Result "1/2-1/2"]
[EventDate "2023.03.29"]
[PlyCount "44"]

1. e4 c5 2. c3 Nf6 3. e5 Nd5 4. Nf3 d6 5. Bb5+ Bd7 6. Bc4 e6 7. d4 Bc6 8. O-O Nd7
9. Bb3 cxd4 10. exd6 Bxd6 11. Nxd4 Qc7 12. g3 O-O 13. Nxc6 bxc6 14. Nd2 Nc5 15. Bc2
Rae8 16. Nc4 Be7 17. Re1 Bf6 18. Ne3 Rd8 19. Qf3 Be7 20. Qh5 Nf6 21. Qe2 Nd5 22.
Qh5 Nf6  1/2-1/2

[Event "36th Reykjavik op"]
[Site "Reykjavik ISL"]
[Date "2023.04.01"]
[Round "5.79"]
[White "Pandey, Srishti"]
[Black "Jansen, Jesper Billeskov"]
[WhiteElo "2156"]
[BlackElo "1928"]
[Result "1-0"]
[EventDate "2023.03.29"]
[PlyCount "83"]

1. e4 c5 2. Nf3 d6 3. d4 cxd4 4. Nxd4 Nf6 5. Nc3 a6 6. f3 e5 7. Nb3 Be6 8. Be3 Be7
9. Qd2 O-O 10. O-O-O a5 11. Bb5 Na6 12. Qe2 Qb8 13. Na4 Bd8 14. Kb1 Bd7 15. Nb6 Bxb6
16. Bxb6 a4 17. Nc1 Rc8 18. Rd2 Nc5 19. Bxc5 Rxc5 20. Bxd7 Nxd7 21. Rhd1 Rc6 22.
Nd3 a3 23. b3 Rb6 24. Qe3 Qc7 25. c4 h6 26. h4 Raa6 27. Rc2 Kf8 28. g4 Nc5 29. Nxc5
dxc5 30. Rd5 Rd6 31. Rxc5 Rd1+ 32. Rc1 Qd6 33. Rd5 Rxd5 34. cxd5 Ra8 35. Qc5 Rd8
36. b4 b6 37. Qxd6+ Rxd6 38. Rc6 Ke7 39. Rxd6 Kxd6 40. Kc2 g6 41. Kb3 f5 42. h5  1-0

[Event "36th Reykjavik op"]
[Site "Reykjavik ISL"]
[Date "2023.04.01"]
[Round "5.80"]
[White "Garbuz, Vitaliy"]
[Black "Frank, Anton"]
[WhiteElo "2155"]
[BlackElo "1857"]
[Result "1/2-1/2"]
[EventDate "2023.03.29"]
[PlyCount "92"]

1. d4 Nf6 2. Nc3 d5 3. Bf4 c5 4. e4 Nxe4 5. Nxe4 dxe4 6. dxc5 Qa5+ 7. c3 Qxc5 8.
Qa4+ Nc6 9. Qxe4 g6 10. Nf3 Bg7 11. Qe3 Qxe3+ 12. Bxe3 O-O 13. Be2 Rd8 14. O-O b6
15. Nd2 Bb7 16. Nb3 Ne5 17. Rfd1 Bd5 18. Bd4 Rac8 19. Ba6 Bxb3 20. axb3 Rc7 21. Bb5
Ng4 22. h3 e5 23. Bxb6 Rxd1+ 24. Rxd1 axb6 25. Rd8+ Bf8 26. hxg4 Ra7 27. Rb8 Ra1+
28. Bf1 Rb1 29. Rxb6 Rxb2 30. Bc4 Rxf2 31. Kxf2 Bc5+ 32. Kf3 Bxb6 33. Ke4 Bc7 34.
Kd5 Kg7 35. Kc6 Bb8 36. Kb7 Bd6 37. Kc6 Bb8 38. Bd5 f5 39. gxf5 gxf5 40. c4 e4 41.
c5 Kf6 42. b4 Ke5 43. Bf7 Kd4 44. Kb7 Be5 45. c6 f4 46. Bh5 Kc4  1/2-1/2

[Event "36th Reykjavik op"]
[Site "Reykjavik ISL"]
[Date "2023.04.01"]
[Round "5.81"]
[White "Shundi, Matias"]
[Black "Van Staden, Mildo"]
[WhiteElo "2145"]
[BlackElo "1856"]
[Result "0-1"]
[EventDate "2023.03.29"]
[PlyCount "136"]

1. e4 e5 2. Nf3 Nc6 3. Bb5 a6 4. Ba4 Nf6 5. O-O b5 6. Bb3 Be7 7. Re1 d6 8. c3 O-O
9. h3 Na5 10. Bc2 c5 11. d4 Qc7 12. Nbd2 Nc6 13. Nf1 Bd7 14. d5 Nd8 15. Ne3 g6 16.
Kh2 Ne8 17. g4 f6 18. Rh1 Ng7 19. Qg1 Kh8 20. h4 f5 21. gxf5 gxf5 22. Nxf5 Nxf5 23.
exf5 Bxf5 24. Bxf5 Rxf5 25. Qg4 Rf6 26. Bg5 Rg6 27. Qh5 Nf7 28. Rag1 Rag8 29. Rg4
Qd7 30. Rhg1 Qf5 31. R1g3 Bxg5 32. hxg5 Rh6 33. gxh6 Qxh5+ 34. Rh4 Qf5 35. Rxg8+
Kxg8 36. Kg3 e4 37. Nd2 Nxh6 38. Nxe4 Qe5+ 39. Kf3 Nf7 40. Ke3 Ng5 41. Rg4 h6 42.
f3 Kf8 43. Rf4+ Ke7 44. Rh4 Qxd5 45. Rxh6 Nxe4 46. Rh7+ Kf6 47. fxe4 Qg5+ 48. Kf3
Qd2 49. Ra7 Qxb2 50. Rxa6 Qxc3+ 51. Kf4 Qd2+ 52. Kf3 Ke5 53. Ra3 Qf4+ 54. Ke2 Qh2+
55. Kd1 Kxe4 56. Kc1 Qf4+ 57. Kb1 Qf1+ 58. Kb2 Qe2+ 59. Kb1 Qd1+ 60. Kb2 Qd2+ 61.
Kb1 c4 62. Rh3 c3 63. Rxc3 Qxc3 64. a4 bxa4 65. Ka2 Kd3 66. Kb1 Qd2 67. Ka1 Kc3 68.
Kb1 Qb2#  0-1

[Event "36th Reykjavik op"]
[Site "Reykjavik ISL"]
[Date "2023.04.01"]
[Round "5.83"]
[White "Patel, Zain"]
[Black "Heldenbergh, Nils"]
[WhiteElo "1833"]
[BlackElo "2141"]
[Result "1/2-1/2"]
[EventDate "2023.03.29"]
[PlyCount "32"]

1. d4 d5 2. c4 e6 3. Nc3 a6 4. cxd5 exd5 5. Qb3 Nf6 6. Bg5 c5 7. Nf3 Nc6 8. Rd1 c4
9. Qc2 Be7 10. e4 dxe4 11. Nxe4 O-O 12. Bxf6 Bxf6 13. Bxc4 Qa5+ 14. Kf1 Be7 15. Qd2
Qxd2 16. Rxd2 Bf5  1/2-1/2

[Event "36th Reykjavik op"]
[Site "Reykjavik ISL"]
[Date "2023.04.01"]
[Round "5.84"]
[White "Carey, Michael"]
[Black "Van Kessel, Wessel"]
[WhiteElo "1852"]
[BlackElo "2137"]
[Result "0-1"]
[EventDate "2023.03.29"]
[PlyCount "78"]

1. Nf3 d6 2. d4 f5 3. g3 Nf6 4. Bg2 g6 5. O-O Bg7 6. c4 O-O 7. Nc3 c6 8. d5 e5 9.
dxe6 Bxe6 10. b3 Ne4 11. Nxe4 Bxa1 12. Nxd6 Qd7 13. Bf4 Bf6 14. h4 Na6 15. Qc1 Rfd8
16. e4 Nc5 17. e5 Nd3 18. Qe3 Nxf4 19. gxf4 Be7 20. c5 h6 21. Kh2 Kh7 22. h5 gxh5
23. Nd4 Rg8 24. Bh3 Raf8 25. Nxb7 Qxb7 26. Nxe6 Rf7 27. Qd3 Qb4 28. Bxf5+ Kh8 29.
Rc1 Bh4 30. Be4 Bxf2 31. Bg6 Rxf4 32. Nxf4 Qxf4+ 33. Kg2 Qxc1 34. Kxf2 Qf4+ 35. Ke1
Qh4+ 36. Kf1 Rf8+ 37. Kg1 Qe1+ 38. Kg2 Rf2+ 39. Kh3 Qh1+  0-1

[Event "36th Reykjavik op"]
[Site "Reykjavik ISL"]
[Date "2023.04.01"]
[Round "5.85"]
[White "Krivenko, Dion"]
[Black "Saemundsson, Bjarni"]
[WhiteElo "2136"]
[BlackElo "1826"]
[Result "1-0"]
[EventDate "2023.03.29"]
[PlyCount "93"]

1. e4 b6 2. Nc3 Bb7 3. d4 e6 4. Bd3 Bb4 5. Nf3 Nf6 6. Qe2 d5 7. exd5 Qxd5 8. O-O
Bxc3 9. bxc3 Qh5 10. Ne5 Qxe2 11. Bxe2 O-O 12. f4 Ne4 13. Bf3 f5 14. a4 a5 15. Re1
Rd8 16. Bb2 Nd7 17. Nc4 Ndf6 18. Na3 Rd7 19. c4 Rad8 20. Rad1 Bc6 21. Nb5 Ba8 22.
h3 Kf7 23. Rd3 h6 24. g4 g5 25. gxf5 exf5 26. d5 Rg8 27. Nd4 gxf4+ 28. Kh2 Nf2 29.
Nxf5 Nxd3 30. cxd3 Rg5 31. Nxh6+ Kg7 32. Re6 Kxh6 33. Rxf6+ Rg6 34. Rf8 Bb7 35. Rh8+
Rh7 36. Rxh7+ Kxh7 37. Be4 Kh6 38. Bxg6 Kxg6 39. Be5 c6 40. d6 Bc8 41. Bxf4 Bd7 42.
c5 bxc5 43. Bd2 Kf7 44. Bxa5 Bf5 45. Bb6 Ke6 46. Bxc5 Kd5 47. d4  1-0

[Event "36th Reykjavik op"]
[Site "Reykjavik ISL"]
[Date "2023.04.01"]
[Round "5.86"]
[White "Attinger, Roman"]
[Black "Ingvason, Johann"]
[WhiteElo "1768"]
[BlackElo "2122"]
[Result "0-1"]
[EventDate "2023.03.29"]
[PlyCount "82"]

1. d4 d5 2. Nc3 Nf6 3. Bf4 c5 4. e4 e6 5. exd5 exd5 6. Nb5 Na6 7. c3 Be7 8. Nf3 O-O
9. Be2 Bf5 10. O-O Nh5 11. Be3 Nf6 12. dxc5 Nxc5 13. Nbd4 Bc8 14. Qc2 Ng4 15. Bf4
Bd6 16. Bxd6 Qxd6 17. h3 Nf6 18. Rad1 Qf4 19. Qd2 Qc7 20. Nb5 Qb6 21. Qf4 Bd7 22.
Nc7 Rac8 23. Nxd5 Nxd5 24. Rxd5 Qxb2 25. Nd4 Qxc3 26. Rc1 Ne6 27. Rxc3 Nxf4 28. Rxc8
Bxc8 29. Re5 Nxe2+ 30. Nxe2 Be6 31. Nd4 Bd7 32. Re7 Rd8 33. Nb3 Kf8 34. Re4 Bc6 35.
Rh4 Rd1+ 36. Kh2 Bd5 37. Rxh7 Bxb3 38. Rh8+ Ke7 39. axb3 Rb1 40. g4 Rxb3 41. h4 a5
 0-1

[Event "36th Reykjavik op"]
[Site "Reykjavik ISL"]
[Date "2023.04.01"]
[Round "5.87"]
[White "Jaksland, Tim"]
[Black "Chilton, James I"]
[WhiteElo "2117"]
[BlackElo "1722"]
[Result "1-0"]
[EventDate "2023.03.29"]
[PlyCount "75"]

1. e4 c5 2. c3 Nf6 3. e5 Nd5 4. Nf3 Nc6 5. Bc4 Nb6 6. Bb3 d5 7. exd6 exd6 8. d4 Be7
9. O-O O-O 10. h3 Bf5 11. Na3 Bf6 12. Be3 Nd7 13. Nc4 cxd4 14. Nxd4 Nxd4 15. Bxd4
Ne5 16. Re1 Qc7 17. Ne3 Be6 18. Nd5 Bxd5 19. Bxd5 Rae8 20. Qb3 Re7 21. Rad1 Rfe8
22. Kf1 b6 23. f4 Bh4 24. Re2 Qc8 25. fxe5 dxe5 26. Bf2 Qf5 27. Kg1 Bg5 28. Be4 Qf4
29. Rf1 Bh4 30. Bc5 bxc5 31. Rxf4 exf4 32. Qc2 f5 33. Bd5+ Kh8 34. Bf3 Re3 35. Kf1
g6 36. Qa4 Rd8 37. Rxe3 fxe3 38. Qxh4  1-0

[Event "36th Reykjavik op"]
[Site "Reykjavik ISL"]
[Date "2023.04.01"]
[Round "5.88"]
[White "Buchert, Matthaus"]
[Black "Birkisson, Bjoern Holm"]
[WhiteElo "1641"]
[BlackElo "2110"]
[Result "1/2-1/2"]
[EventDate "2023.03.29"]
[PlyCount "99"]

1. e4 c5 2. Nc3 Nc6 3. Bb5 Nd4 4. Nf3 g6 5. Nxd4 cxd4 6. Ne2 a6 7. Ba4 Bg7 8. O-O
b5 9. Bb3 Bb7 10. d3 d5 11. f3 e6 12. Qe1 Ne7 13. Qh4 h6 14. Qg3 O-O 15. Qh4 Kh7
16. Bg5 f6 17. Bd2 Nc6 18. exd5 exd5 19. Nxd4 Nxd4 20. Qxd4 f5 21. Qe3 Re8 22. Qf4
Qb6+ 23. Kh1 Re2 24. Bc3 d4 25. Bd2 Rae8 26. Rae1 Qd8 27. Rxe2 Rxe2 28. Re1 Rxe1+
29. Bxe1 Qe7 30. Bd2 Bc8 31. a3 Be6 32. Bb4 Qe8 33. Qd2 Bxb3 34. cxb3 Qe6 35. Qc2
g5 36. Kg1 g4 37. fxg4 fxg4 38. Kf2 g3+ 39. hxg3 Qe3+ 40. Kf1 Qxg3 41. Qe2 Qf4+ 42.
Kg1 Qc1+ 43. Kf2 Qf4+ 44. Qf3 Qc1 45. Qe4+ Kh8 46. Qe2 Kh7 47. Bd6 Kg8 48. Qe8+ Kh7
49. Qe4+ Kg8 50. Qe8+  1/2-1/2

[Event "36th Reykjavik op"]
[Site "Reykjavik ISL"]
[Date "2023.04.01"]
[Round "5.89"]
[White "Johansson, Jukka"]
[Black "Carr, Jay"]
[WhiteElo "2106"]
[BlackElo "1663"]
[Result "0-1"]
[EventDate "2023.03.29"]
[PlyCount "76"]

1. d4 Nf6 2. c4 b6 3. a3 Bb7 4. Nc3 e6 5. d5 d6 6. g3 g6 7. Bg2 Bg7 8. e4 a5 9. Nge2
Nbd7 10. O-O O-O 11. dxe6 Nc5 12. exf7+ Rxf7 13. Qc2 Qe8 14. f3 a4 15. Bg5 Nfd7 16.
Rad1 Ne5 17. Nb5 Ba6 18. Ned4 Nxc4 19. Qxc4 Bxd4+ 20. Qxd4 Bxb5 21. Rf2 Ne6 22. Qd2
Nxg5 23. Qxg5 Bc4 24. f4 Ra5 25. f5 Re5 26. g4 Qe7 27. Qh6 Qf8 28. Qf4 Qe7 29. Qg3
Qd7 30. h4 Qb5 31. Rdd2 Qc5 32. Kh1 Bb3 33. Rd3 Ree7 34. f6 Re6 35. g5 h6 36. Bh3
Rxe4 37. gxh6 Qc1+ 38. Kh2 Qxh6  0-1

[Event "36th Reykjavik op"]
[Site "Reykjavik ISL"]
[Date "2023.04.01"]
[Round "5.90"]
[White "Chamadia, Avaan"]
[Black "Girardin, Yves"]
[WhiteElo "1563"]
[BlackElo "2104"]
[Result "1-0"]
[EventDate "2023.03.29"]
[PlyCount "79"]

1. e4 c5 2. Nf3 Nc6 3. d3 g6 4. g3 Bg7 5. Bg2 Nf6 6. O-O d5 7. Qe2 Bg4 8. c3 d4 9.
h3 Bxf3 10. Bxf3 e5 11. c4 O-O 12. Bg2 Ne8 13. f4 Nd6 14. f5 Rb8 15. g4 Qh4 16. Nd2
Qe7 17. Nf3 a6 18. b3 Nb4 19. h4 Rfe8 20. Nh2 gxf5 21. gxf5 Bf6 22. a3 Nc6 23. Ng4
Kh8 24. Nxf6 Qxf6 25. Bg5 Qg7 26. f6 Qg6 27. Qd2 Rg8 28. Kf2 Ne8 29. Bh3 Nxf6 30.
Bf5 Qg7 31. Rg1 b5 32. Bh6 Nxe4+ 33. dxe4 Qf6 34. Bg5 Qd6 35. Qe2 f6 36. Qh5 Rb7
37. Bh6 d3 38. Rxg8+ Kxg8 39. Qe8+ Qf8 40. Qxf8#  1-0